Surrender my love

Bibliographic Details
Main Author: Lindsey, Johanna
Format: Book
Published: New York : Avon Books , 1994
Subjects:

MARC

LEADER 00000cam a2200000 7i4500
001 0000052747
005 20020329.0
020 |a 0380762560 
090 0 0 |a F   |b LIN 
100 1 |a Lindsey, Johanna 
245 1 0 |a Surrender my love   |c Johanna Lindsey 
260 |a New York :   |b Avon Books ,   |c 1994 
300 |a 403p. ;   |c 17cm. 
650 0 0 |a Romance fiction 
999 |a 126352   |b BUKU   |c FICTION   |e PERPUSTAKAAN KOMUNITI PETALING JAYA 
999 |a 126353   |b BUKU   |c FICTION   |e PERPUSTAKAAN KOMUNITI PETALING JAYA 
999 |a 126354   |b BUKU   |c FICTION   |e PERPUSTAKAAN KOMUNITI PETALING JAYA